000 00220 a2200109 4500
020 _a9684199511
041 _aspa
100 _aHeller, Ruth
245 _aLas gallinas no son las unicas
942 _cBK
999 _c30034
_d30032
999 _d30032